Internet addiction, locus of control, and social isolation among Malaysian adolescents /
Saved in:
| Main Author: | |
|---|---|
| Format: | Thesis |
| Language: | English |
| Published: |
Gombak, Selangor :
International Islamic University Malaysia,
2004
|
| Subjects: | |
| Online Access: | Click here to view 1st 24 pages of the thesis. Members can view fulltext at the specified PCs in the library. |
| Tags: |
Add Tag
No Tags, Be the first to tag this record!
|
| LEADER | 029280000a22004930004500 | ||
|---|---|---|---|
| 001 | 305657 | ||
| 005 | 20230420113859.0 | ||
| 008 | 050020s2004 my a g 000 0 eng d | ||
| 035 | |a (Sirsi) 305657 | ||
| 040 | |a UIAM |b eng | ||
| 041 | 0 | |a eng | |
| 043 | |a a-my--- | ||
| 050 | 0 | 0 | |a RC569.5.I54 |
| 100 | 0 | |a Hawa Binti Rahmat |9 116788 | |
| 245 | 1 | 0 | |a Internet addiction, locus of control, and social isolation among Malaysian adolescents / |c by Hawa Binti Rahmat |
| 260 | |a Gombak, Selangor : |b International Islamic University Malaysia, |c 2004 | ||
| 300 | |a ix, 60 leaves : |b ill. ; |c 30 cm. | ||
| 336 | |2 rdacontent | ||
| 337 | |2 rdamedia | ||
| 338 | |2 rdacarrier | ||
| 500 | |a Abstract in English and Arabic. | ||
| 500 | |a "A thesis submitted in partial fulfilment of the requirements for the Degree of Master of Human Sciences in Clinical and Counseling Psychology."--On t.p. | ||
| 502 | |a Thesis (M.Hsc) -- International Islamic University Malaysia, 2004. | ||
| 504 | |a Includes bibliographical references (leaves 45-49). | ||
| 530 | |a Also available on 4 3/4 in. computer optical disc. | ||
| 650 | 0 | |a Internet addiction |z Malaysia |9 116789 | |
| 650 | 0 | |a Internet and teenagers |z Malaysia |9 116790 | |
| 650 | 0 | |a Social isolation |9 28611 | |
| 650 | 0 | |a Internet (Computer network) |x Psychological aspects |9 112931 | |
| 650 | 0 | |a Internet (Computer network) |x Religious aspects Islam |9 111595 | |
| 655 | 0 | 7 | |a Theses, IIUM local |
| 690 | 0 | |a Dissertations, Academic |x Department of Psychology |z IIUM |9 20980 | |
| 710 | 2 | |a International Islamic University Malaysia. |b Kulliyyah of Islamic Revealed Knowledge and Human Sciences |9 16884 | |
| 710 | 2 | |a International Islamic University Malaysia. |b Department of Psychology | |
| 730 | 0 | |a Internet addiction, locus of control, and social isolation among Malaysian adolescents (Computer file) |9 116791 | |
| 856 | 4 | |u http://studentrepo.iium.edu.my/handle/123456789/6571 |z Click here to view 1st 24 pages of the thesis. Members can view fulltext at the specified PCs in the library. | |
| 900 | |a mbs-hj-his-ajt-ami-hm | ||
| 942 | |2 lcc |n 0 | ||
| 999 | |c 431711 |d 463948 | ||
| 952 | |0 0 |6 LU T RC569.5I54H389I 2004 |7 0 |8 THESES |9 752402 |a IIUM |b IIUM |c CLOSEACCES |g 0.00 |o lu t RC569.5I54H389I 2004 |p 00000915332 |r 2017-10-25 |t 1 |v 0.00 |y THESIS | ||
| 952 | |0 0 |6 LU T RC569.5I54H389I 2004 |7 0 |8 THESES |9 752403 |a IIUM |b IIUM |c CLOSEACCES |g 0.00 |o lu t RC569.5I54H389I 2004 |p 00000915331 |r 2017-10-25 |t 2 |v 0.00 |y THESIS | ||
| 952 | |0 0 |6 T RC569.5I54H389I 2004 |7 0 |8 THESES |9 753759 |a IIUM |b IIUM |c MULTIMEDIA |g 0.00 |o t RC569.5I54H389I 2004 |p 00011274336 |r 2017-10-20 |t 1 |v 0.00 |y THESIS | ||
| 952 | |0 0 |6 TS CDF RC569.5I54H389I 2004 |7 0 |8 THESES |9 818368 |a IIUM |b IIUM |c MULTIMEDIA |g 0.00 |o ts cdf RC569.5I54H389I 2004 |p 11100326729 |r 2017-10-26 |t 2 |v 0.00 |y THESISDIG | ||
| 952 | |0 0 |6 TS CDF RC569.5I54H389I 2004 |7 0 |8 THESES |9 818369 |a IIUM |b IIUM |c MULTIMEDIA |g 0.00 |o ts cdf RC569.5I54H389I 2004 |p 11100326728 |r 2017-10-26 |t 1 |v 0.00 |y THESISDIG | ||
